00442nam a2200157Ia 4500003000400000008004100004040001600045082002100061100001700082245008100099260003700180300000900217650001400226650002000240650002400260GCL140319s9999 xx 000 0 eng d aGCL / cGCL04aCHb745.723bB T1 aBOASA, PETRA10aI CAN PAINT: PAINTING ACTIVITY PROJECTS: FOR THE VERY YOUNG / cBOASA, PETRA a[S.N] : bLORENZ BOOKS ، c1995 a41 P04aHANDCRAFT04aCHILDREN - ARTS04aPAINTING - PROJECTS